Statistiken für Alle Wasser-Pokemon (Gen 1)

Klicken Sie hier um das Quiz zu spielen!

Allgemein

  • Dieses Quiz wurde 173 mal gespielt
  • Das Durchschnittsergebnis liegt bei 22 aus 30

Antwortstatistiken

HintAntwort% Korrekt
#007Schiggy
97%
#009Turtok
96%
#008Schillok
94%
#130Garados
87%
#129Karpador
86%
#118Goldini
81%
#131Lapras
81%
#120Sterndu
81%
#134Aquana
80%
#119Golking
77%
#121Starmie
77%
#062Quappo
74%
#060Quapsel
74%
#091Austos
73%
#090Muschas
72%
#061Quaputzi
71%
#072Tentacha
71%
#073Tentoxa
71%
#054Enton
69%
#055Entoron
69%
#116Seeper
69%
#079Flegmon
68%
#086Jurob
68%
0#87Jugong
67%
#117Seemon
67%
#080Lahmus
66%
#138Amonitas
62%
#139Amoroso
59%
#098Krabby
58%
#099Kingler
57%

Verteilung der Resultate

Perzentil nach korrekt beantworteten Fragen

Anzahl Personen mit jedem Resultat

Ihre Resultats-Entwicklung

Sie haben dieses Quiz noch nicht gespielt